Reverse Dictionary #43 - Statistics

General Stats
  • This quiz has been taken 39 times
  • The average score is 17 of 25
Answer Stats
Definition First
Letter
Word % Correct
One of two usually roughly equal parts into which anything may be divided, or considered as divided. H Half
97%
A form of football in which players can hold or kick an ovoid ball. The ball cannot be handled forwards and points are scored by touching the ball to the ground in the area past the opponent's territory or by kicking the ball between goalposts and over a crossbar. R Rugby
94%
An elevation of land of considerable dimensions rising more or less abruptly, forming a conspicuous figure in the landscape, usually having a small extent of surface at its summit. M Mountain
87%
Pertaining to the study of money and its movement. E Economic
84%
To grasp or grip. H Hold
84%
An occupation, trade, craft, or activity in which one has an acknowledged expertise in a particular area; a job, especially one requiring a high level of skill or training. P Profession
84%
(ichthyology) A scaleless, predatory fish of the superorder Selachimorpha, with a cartilaginous skeleton and 5 to 7 gill slits on each side of its head. S Shark
84%
To descend or submerge (or to cause to do so) into a liquid or similar substance. S Sink
81%
To be in harmony about an opinion, statement, or action; to have a consistent idea between two or more people. A Agree
77%
(architecture) A structural element resembling the hollow upper half of a sphere. D Dome
77%
The time of day when the sun appears above the eastern horizon. S Sunrise
77%
Popular trends. F Fashion
74%
Of higher standard or quality. S Superior
71%
(religion) A person who is trained to preach, to perform religious ceremonies, and to afford pastoral care at a Protestant church. M Minister
68%
A legume resembling a nut, the fruit of the plant Arachis hypogaea. P Peanut
58%
A flat surface of a three-dimensional object; a face. S Side
58%
Grateful feelings or thoughts. T Thanks
58%
One more concerned with hypotheses or conjectures about a subject or area of study than its practical application. T Theorist
58%
To estimate how something will be in the future. F Forecast
55%
Yielding good or useful results; constructive. P Productive
55%
Ready to work with another person or in a team. C Cooperative
45%
A person who favors maintenance of the status quo. C Conservative
42%
To enter into; to make way into the interior of; to pierce. P Penetrate
42%
To be at odds (with); to disagree or be incompatible. C Conflict
35%
To relegate or assign (something) to a less insignificant status; diminish. M Minimize
29%
No matching quizzes found
Score Distribution
Percent of People with Each Score
Percentile by Number Answered
Your Score History
You have not taken this quiz